000 00487nam a2200169Ia 4500
008 230917s9999||||xx |||||||||||||| ||und||
020 _cEUR99.95
040 _e222111
_aMAIN
041 _aEnglish
082 _a338.4791 M912N
100 _aMuller, Dieter K, ed.
245 0 _aNew issues in polar tourism: Communities, environments, politics
260 _aNew York
_bSpringer
_c2013
300 _avi, 224 p.
500 _a1803 07/01/2015 RBP43229 16/01/2015 Main Budget
942 _cBK
999 _c13404
_d13404